<?xml version="1.0" encoding="UTF-8"?>
<record
    xmlns:xsi="http://www.w3.org/2001/XMLSchema-instance"
    xsi:schemaLocation="http://www.loc.gov/MARC21/slim http://www.loc.gov/standards/marcxml/schema/MARC21slim.xsd"
    xmlns="http://www.loc.gov/MARC21/slim">

  <leader>05497nam a2200493Ia 4500</leader>
  <controlfield tag="001">dia_4893</controlfield>
  <controlfield tag="003">CHAP</controlfield>
  <controlfield tag="005">20240910180541.0</controlfield>
  <controlfield tag="007">ta</controlfield>
  <controlfield tag="008">220117s2012    mx do  frm    001 0 spa d</controlfield>
  <datafield tag="010" ind1=" " ind2=" ">
    <subfield code="a">175690</subfield>
  </datafield>
  <datafield tag="040" ind1=" " ind2=" ">
    <subfield code="c">CHAP</subfield>
    <subfield code="a">mxchpua</subfield>
    <subfield code="e">rda</subfield>
  </datafield>
  <datafield tag="041" ind1="0" ind2=" ">
    <subfield code="a">spa</subfield>
    <subfield code="b">eng</subfield>
  </datafield>
  <datafield tag="090" ind1=" " ind2=" ">
    <subfield code="a">Tesis </subfield>
    <subfield code="b">A45 </subfield>
    <subfield code="c">2012</subfield>
  </datafield>
  <datafield tag="100" ind1="1" ind2=" ">
    <subfield code="a">Almengor Gandara, Jos&#xE9; Roberto</subfield>
  </datafield>
  <datafield tag="240" ind1="1" ind2="0">
    <subfield code="a">Technical economic analysis for the establishment of a packing plant mango (Mangifera indica) located in Tapachula, Chiapas.</subfield>
    <subfield code="l">Espa&#xF1;ol</subfield>
  </datafield>
  <datafield tag="245" ind1="1" ind2="0">
    <subfield code="a">Estudio de factibilidad t&#xE9;cnico-econ&#xF3;mico para el establecimiento de una planta empacadora de Mango (Mangifera &#xED;ndica) ubicada en Tapachula, Chiapas /</subfield>
    <subfield code="c">Jos&#xE9; Roberto Almengor Gandara y Francisco Javier Roque Guzm&#xE1;n</subfield>
  </datafield>
  <datafield tag="264" ind1=" " ind2=" ">
    <subfield code="a">Chapingo, M&#xE9;xico :</subfield>
    <subfield code="b">El autor,</subfield>
    <subfield code="c">2012</subfield>
  </datafield>
  <datafield tag="300" ind1=" " ind2=" ">
    <subfield code="a">x, 96 hojas :</subfield>
    <subfield code="b">gr&#xE1;ficas, diagramas, tablas, fotos +</subfield>
    <subfield code="e">1 CD-ROM</subfield>
  </datafield>
  <datafield tag="336" ind1=" " ind2=" ">
    <subfield code="2">rdacontent</subfield>
    <subfield code="a">texto</subfield>
    <subfield code="b">txt</subfield>
  </datafield>
  <datafield tag="337" ind1=" " ind2=" ">
    <subfield code="2">rdamedia</subfield>
    <subfield code="a">no mediado</subfield>
    <subfield code="b">n</subfield>
  </datafield>
  <datafield tag="338" ind1=" " ind2=" ">
    <subfield code="2">rdacarrier</subfield>
    <subfield code="a">volumen</subfield>
    <subfield code="b">nc</subfield>
  </datafield>
  <datafield tag="500" ind1=" " ind2=" ">
    <subfield code="a">El CD contiene reporte, art&#xED;culo y diagramas</subfield>
  </datafield>
  <datafield tag="502" ind1=" " ind2=" ">
    <subfield code="a">Tesis </subfield>
    <subfield code="b">(Ingeniero Agroindustrial) -- </subfield>
    <subfield code="c">UACh. Departamento de Ingenier&#xED;a Agroindustrial, </subfield>
    <subfield code="d">2012</subfield>
  </datafield>
  <datafield tag="504" ind1=" " ind2=" ">
    <subfield code="a">Bibliograf&#xED;a: hojas 97-99</subfield>
  </datafield>
  <datafield tag="520" ind1="3" ind2=" ">
    <subfield code="a">El sector agropecuario en M&#xE9;xico y particularmente el del estado de Chiapas ha sido uno de los m&#xE1;s abandonados en los &#xFA;ltimos a&#xF1;os, pues el apoyo gubernamental ha sido deficiente para elevar la producci&#xF3;n y productividad de esta actividad econ&#xF3;mica, llevando a un atraso en la producci&#xF3;n y disminuci&#xF3;n en la participaci&#xF3;n mundial de exportaciones de mango. Sin embargo, la exportaci&#xF3;n de mango proveniente de Chiapas, especialmente el Mango Ataulfo del Soconusco, representan una gran &#xE1;rea de oportunidad, que a trav&#xE9;s del presente proyecto tiene el potencial de mejorar las condiciones de producci&#xF3;n, aumentando con ello el nivel de competencia en el mercado internacional. Las condiciones del mercado internacional permiten incursionar en el mercado sin grandes complicaciones, puesto que los precios de productos org&#xE1;nicos son buenos y su demanda se encuentra en aumento, adem&#xE1;s de que el consumo per c&#xE1;pita estimado de mango en el mercado estadounidense es de alrededor de 0.91278 kg. (2 libras). La metodolog&#xED;a utilizada fue la propuesta por Ponce, (2006), complementada con la propuesta por FIRA, (1993), y Santoyo, (1999), la cual comprende los siguientes aspectos: diagn&#xF3;stico de la zona, estudio de mercado y materia prima, organizaci&#xF3;n social y administrativa, estudio t&#xE9;cnico de ingenier&#xED;a,  an&#xE1;lisis y evaluaci&#xF3;n financiera e impacto ambiental y dictamen. El final del an&#xE1;lisis fue la determinaci&#xF3;n de la viabilidad tanto t&#xE9;cnica como econ&#xF3;mica, adem&#xE1;s del impacto ambiental que traer&#xED;a el establecimiento de una planta empacadora de mango en Tapachula, Chiapas. Bajo las condiciones establecidas para este proyecto se concluy&#xF3; que es viable econ&#xF3;micamente porque se obtuvo una Tasa Interna de Retorno (TIR) de 20.4 % con un Valor Actual Neto (VAN) de $ 2, 079, 927.00 y una Relaci&#xF3;n Beneficio Costo (B/C) de 1.07. </subfield>
  </datafield>
  <datafield tag="520" ind1="3" ind2=" ">
    <subfield code="a">The agricultural sector in Mexico, particularly the state of Chiapas has been one of the most neglected, in recent years because government support has been poor to raise production and productivity of the sector, leading a delay in the production a decrease in the global share of exports of mango. However, the export of mango from Chiapas, especially the Soconusco Ataulfo Mango, represents a major area of opportunity, that through this project has the potential to improve the conditions of production, thereby increasing the level of competition in the international market. The International market conditions allow inroads into the market without major complications, since the prices of organic products are good and demand is increasing, in addition to the estimated per capita consumption of mango in the U.S. market is about 0.91278 kg. (2 pounds). The methodology used was the one proposed by Ponce (2006), supplemented with the proposal by FIRA (1993), and Santoyo (1999), which includes the following: diagnosis of the area, market research and raw material, social and administrative organization, engineering technical study, analysis and financial evaluation, environmental impact assessment and advices. The end of the analysis was to determine the technical and economic feasibility, environmental impact also would establish a mango packing plant in Tapachula, Chiapas. Under the established conditions for this project was concluded that is economically viable because it was obtained an Internal Rate of Return (IRR) of 20.4% with a Net Present Value (NPV) of $ 2, 079, 927.00 and a Benefit Cost Ratio (B / C) of 1.07. </subfield>
  </datafield>
  <datafield tag="650" ind1="1" ind2="3">
    <subfield code="a">Mangos</subfield>
    <subfield code="x">Producci&#xF3;n  </subfield>
    <subfield code="2">atg</subfield>
  </datafield>
  <datafield tag="650" ind1="1" ind2="3">
    <subfield code="a">Envasado de alimentos  </subfield>
    <subfield code="2">atg</subfield>
  </datafield>
  <datafield tag="650" ind1="1" ind2="3">
    <subfield code="a">Iniciativa empresarial</subfield>
    <subfield code="z">M&#xE9;xico  </subfield>
    <subfield code="2">atg</subfield>
  </datafield>
  <datafield tag="650" ind1="1" ind2="3">
    <subfield code="a">Entrepreneurship</subfield>
    <subfield code="z">Mexico</subfield>
    <subfield code="2">atg</subfield>
  </datafield>
  <datafield tag="650" ind1="1" ind2="3">
    <subfield code="a">Food packing  </subfield>
    <subfield code="2">atg</subfield>
  </datafield>
  <datafield tag="650" ind1="1" ind2="3">
    <subfield code="a">Mangoes  </subfield>
    <subfield code="2">atg</subfield>
  </datafield>
  <datafield tag="700" ind1="1" ind2=" ">
    <subfield code="a">Roque Guzm&#xE1;n, Francisco Javier</subfield>
    <subfield code="e">autor</subfield>
  </datafield>
  <datafield tag="700" ind1="1" ind2=" ">
    <subfield code="a">Garc&#xED;a Ch&#xE1;vez, Luis Ramiro</subfield>
    <subfield code="e">director</subfield>
  </datafield>
  <datafield tag="700" ind1="1" ind2=" ">
    <subfield code="a">Szymanski Duque, Rosa Guadalupe</subfield>
    <subfield code="e">asesora</subfield>
  </datafield>
  <datafield tag="700" ind1="1" ind2=" ">
    <subfield code="a">Mena Nev&#xE1;rez, Gustavo</subfield>
    <subfield code="e">asesor</subfield>
  </datafield>
  <datafield tag="856" ind1="4" ind2="1">
    <subfield code="u">http://10.13.5.2/tesis/115469.pdf</subfield>
    <subfield code="y">DESCARGAR PDF</subfield>
  </datafield>
  <datafield tag="901" ind1=" " ind2=" ">
    <subfield code="a">TESIS A45 2012</subfield>
  </datafield>
  <datafield tag="902" ind1=" " ind2=" ">
    <subfield code="a">M</subfield>
  </datafield>
  <datafield tag="905" ind1=" " ind2=" ">
    <subfield code="a">5232272012                          mx aml 8223223322spa16</subfield>
  </datafield>
  <datafield tag="942" ind1=" " ind2=" ">
    <subfield code="c">TESIS</subfield>
    <subfield code="2">Clasificaci&#xF3;n Universidad Aut&#xF3;noma Chapingo</subfield>
  </datafield>
  <datafield tag="999" ind1=" " ind2=" ">
    <subfield code="c">175690</subfield>
    <subfield code="d">175690</subfield>
  </datafield>
  <datafield tag="952" ind1=" " ind2=" ">
    <subfield code="0">0</subfield>
    <subfield code="1">0</subfield>
    <subfield code="2">local</subfield>
    <subfield code="4">0</subfield>
    <subfield code="5">5</subfield>
    <subfield code="7">0</subfield>
    <subfield code="8">TESIS</subfield>
    <subfield code="a">IA_</subfield>
    <subfield code="b">IA_</subfield>
    <subfield code="d">2022-01-18</subfield>
    <subfield code="e">El autor</subfield>
    <subfield code="l">1</subfield>
    <subfield code="o">Tesis A45 2012</subfield>
    <subfield code="p">1101006712</subfield>
    <subfield code="r">2024-09-18 16:17:04</subfield>
    <subfield code="s">2024-09-18</subfield>
    <subfield code="t">Ej. 3</subfield>
    <subfield code="w">2022-01-18</subfield>
    <subfield code="y">CD</subfield>
  </datafield>
  <datafield tag="952" ind1=" " ind2=" ">
    <subfield code="0">0</subfield>
    <subfield code="1">0</subfield>
    <subfield code="2">local</subfield>
    <subfield code="4">0</subfield>
    <subfield code="5">1</subfield>
    <subfield code="7">0</subfield>
    <subfield code="8">TESIS</subfield>
    <subfield code="a">IA_</subfield>
    <subfield code="b">IA_</subfield>
    <subfield code="d">2022-01-18</subfield>
    <subfield code="e">El autor</subfield>
    <subfield code="l">0</subfield>
    <subfield code="o">Tesis A45 2012</subfield>
    <subfield code="p">1101006710</subfield>
    <subfield code="r">2026-02-02 00:00:00</subfield>
    <subfield code="t">Ej. 1</subfield>
    <subfield code="w">2022-01-18</subfield>
    <subfield code="y">TESIS</subfield>
  </datafield>
  <datafield tag="952" ind1=" " ind2=" ">
    <subfield code="0">0</subfield>
    <subfield code="1">0</subfield>
    <subfield code="2">local</subfield>
    <subfield code="4">0</subfield>
    <subfield code="5">1</subfield>
    <subfield code="7">0</subfield>
    <subfield code="8">TESIS</subfield>
    <subfield code="a">IA_</subfield>
    <subfield code="b">IA_</subfield>
    <subfield code="d">2022-01-18</subfield>
    <subfield code="e">El autor</subfield>
    <subfield code="l">0</subfield>
    <subfield code="o">Tesis A45 2012</subfield>
    <subfield code="p">1101006711</subfield>
    <subfield code="r">2022-01-18 00:00:00</subfield>
    <subfield code="t">Ej. 2</subfield>
    <subfield code="w">2022-01-18</subfield>
    <subfield code="y">CD</subfield>
  </datafield>
  <datafield tag="952" ind1=" " ind2=" ">
    <subfield code="0">0</subfield>
    <subfield code="1">0</subfield>
    <subfield code="2">local</subfield>
    <subfield code="4">0</subfield>
    <subfield code="7">0</subfield>
    <subfield code="8">TesDigL</subfield>
    <subfield code="a">IA_</subfield>
    <subfield code="b">IA_</subfield>
    <subfield code="c">E_L</subfield>
    <subfield code="d">2024-09-10</subfield>
    <subfield code="e">El autor</subfield>
    <subfield code="l">0</subfield>
    <subfield code="p">1201006710</subfield>
    <subfield code="r">2024-09-10 19:08:46</subfield>
    <subfield code="w">2024-09-10</subfield>
    <subfield code="y">TD</subfield>
  </datafield>
</record>
